[Event "ROM-ch U12 Boys"]
[Site "Voineasa"]
[Date "2008.04.13"]
[Round "3"]
[White "Cucu, George"]
[Black "Olteanu, Andrei Rares"]
[Result "0-1"]
[WhiteElo "401"]
[BlackElo "401"]
[PlyCount "33"]
[EventDate "2008.04.08"]
[EventType "swiss"]
[EventRounds "9"]
[EventCountry "ROU"]
[SourceTitle "EXT 2013"]
[Source "ChessBase"]
[SourceDate "2012.11.22"]
[SourceVersion "1"]
[SourceVersionDate "2012.11.22"]
[SourceQuality "1"]

1. d4 d5 2. Nf3 Nc6 3. Nc3 Nf6 4. Bg5 Bg4 5. Bf4 Bxf3 6. Nb5 Rc8 7. exf3 a6 8. Be5 Nxe5 9. dxe5 axb5 10. exf6 gxf6 11. Bxb5+ c6 12. Bd3 e5 13. Bf5 Ra8 14. Qd3 Bc5 15. Bxh7 Ba7 16. g3 Qb6 17. 0-0 0-1